00781nam a2200169 a 450000100100000000500170001000800410002704000250006808200150009310000360010824500880014426000790023230000200031159000750033195201880040699900170059400003381420200930070535.0110912s1966 ag 000 0 spa d aDO-SdBNPbspacBNPHU axxxbB197p1 aBaltra Cortés, Alberto95923610aProblemas del subdesarrollo económico latinoamericano /cAlberto Baltra Cortés. aBuenos Aires, Argentina :bEditorial Universitaria de Buenos Aires,c1966. a94 p. ;c19 cm. aPerteneció a la biblioteca personal de Juan Isidro Jimenes Grullón 001050718MOaGRbGRcCTd2011-09-12iLF1l0oxxx B197pp33814-10r2020-06-25w2020-06-25y1zPerteneció a la biblioteca personal de Juan Isidro Jiménes- GrullónZNo se presta c33305d33305